Sportrendezvények hatása a mindennapokra

Bibliográfiai részletek
Szerző: Nagy Nikolett Zsófia
További közreműködők: Fábián Tamás Zoltán
Dokumentumtípus: Projektmunka
Kulcsszavak:élménygazdaság
rendezvények
rendezvényszervezés
sport
történelem
Online Access:http://dolgozattar.uni-bge.hu/59970

MARC

LEADER 00000nnm a2200000 i 4500
001 dolg59970
005 20260409145820.0
008 260409suuuu hu o 000 hun d
040 |a BGE Dolgozattár Repozitórium  |b hun 
041 |a hu 
100 1 |a Nagy Nikolett Zsófia 
245 1 0 |a Sportrendezvények hatása a mindennapokra  |c Nagy Nikolett Zsófia  |h [elektronikus dokumentum] 
516 |a Project_work 
520 3 |a Dolgozatomban a sportrendezvények mindennapi életre gyakorolt hatását vizsgálom, kiemelten a közösségi életre, a társadalmi kapcsolatokra és az egyéni életminőségre.A dolgozat elején áttekintem a sport történetének fejlődését az ókortól napjainkig, majd részletesen bemutatom a golf történetét, fejlődését és jelentőségét. Megemlítek pár Magyarországon található rendezvény helyszínt és azoknak szerepét a magyar sportrendezvények világában. Részletes betekintést nyújtok a Continental Citygolf Club csapatában végzett szervezői munkámba, bemutatva, milyen szerepet tölt be egy aktív, kreatív szervező a rendezvények sikerében. Saját tapasztalataim alapján ismertetem egy átlagos sportesemény szervezésének főbb lépéseit, kitérve az előkészítésre, a lebonyolításra és az utókövetésre is. Illetve magát a helyszínt és azáltal nyújtott szolgáltatásokat is részletesen bemutatom és a golffal kapcsolatos alap tudnivalókkal színesítem a munkámat. Kutatásomat mélyinterjúkkal egészítettem ki, hogy feltárjam a sportrendezvények közéletre, társadalmi kapcsolatokra és a helyi közösségek életére gyakorolt pozitív és negatív hatásait is, különös figyelmet fordítva a közösségépítésre, az együttműködésre és a társadalmi integrációra. 
695 |a élménygazdaság 
695 |a rendezvények 
695 |a rendezvényszervezés 
695 |a sport 
695 |a történelem 
700 1 |a Fábián Tamás Zoltán  |e ths 
856 4 0 |u http://dolgozattar.uni-bge.hu/59970/1/Sportrendezv%C3%A9nyek%20hat%C3%A1sa%20a%20mindennapokra.pdf  |z Dokumentum-elérés 
856 4 0 |u http://dolgozattar.uni-bge.hu/59970/2/Nagy%20Nikolett_FOSZK_F%C3%A1bi%C3%A1n%20Tam%C3%A1s.pdf  |z Dokumentum-elérés